| 000 | 00724cam a2200205 4500 | ||
|---|---|---|---|
| 001 | ABS62155 | ||
| 008 | 000000n2000 000 0 eng u | ||
| 035 | _a(Sirsi) u105837 | ||
| 100 | _aThame, D. | ||
| 245 | _aTraders of the lost art | ||
| 260 | _c2000 | ||
| 490 |
_aProperty Week _v65(17) 28 April 2000, 72-73(2) |
||
| 520 | _aConsiders the future of chartered surveyors working as sole practitioners and the many obstacles which small businesses have to overcome. Isolation and business survival are the key problems highlighted. | ||
| 590 | _aABS | ||
| 650 | _aABOUT RICS-RICS MEMBERS | ||
| 650 | _aSOLE PRACTITIONERS | ||
| 650 | _aSMALL BUSINESSES | ||
| 690 | _aMANAGEMENT-BUSINESS MANAGEMENT | ||
| 942 | _n0 | ||
| 999 |
_c63379 _d63379 |
||